000 00269nam a2200121 i 4500
001 bg
245 0 _aPortovoe gidrotechniceskoe stroitel'stvo.
260 _aMoskva 1969.
040 _cBPK
041 _apol
942 _cKS
008 s pl f |000 0 pol
999 _c27074
_d27074